000 00451nam a2200169 a 4500
001 000008198
005 20200929154459.0
008 090915s1973 dr 000 0 spa d
040 _aDO-SdBNP
082 _axxx
_bL817p
100 1 _aLockward, Clemente A.
_922238
245 1 0 _aPrototipos /
_cClemente A. Lockward.
260 _aSanto Domingo :
_bArte y Cine,
_c1973.
300 _a120 p. ;
_c21 cm.
590 _aEjemplar autografiado
049 _aBNPD
999 _c7972
_d7972